Frontières du Mali-The Content Update - Statistiques

Statistiques générales
  • Ce quiz a été pris 38 fois
  • Le résultat moyen est 6 sur 7
Statistiques - réponses
Km Pays % Correct
419 Sénégal
100%
821 Niger
97%
1376 Algérie
92%
2237 Mauritanie
92%
1000 Burkina Faso
89%
532 Côte d'Ivoire
89%
858 Guinée
78%
Aucun quiz correspondant
Distribution des résultats
% des personnes avec chaque résultat
Percentile par nombre de réponses
Votre historique - résultats
Vous n’avez pas pris ce quiz